LIBRARY & INFORMATION CENTRE, KCAET, TAVANUR

ONLINE PUBLIC ACCESS CATALOGUE (OPAC)

Investigations on Ergonomics and safety measures of Agricultural implements used by workers of Mgnrega (Record no. 17396)

MARC details
000 -LEADER
fixed length control field 00522nam a22001697a 4500
003 - CONTROL NUMBER IDENTIFIER
control field OSt
082 ## - DEWEY DECIMAL CLASSIFICATION NUMBER
Classification number 627.52
Item number DRI/IN
088 ## - REPORT NUMBER
Report number P 507
100 ## - MAIN ENTRY--AUTHOR NAME
Personal name Drisya A K
100 ## - MAIN ENTRY--AUTHOR NAME
Personal name Gokul Prakash
100 ## - MAIN ENTRY--AUTHOR NAME
Personal name Jahana Thasneem P
245 ## - TITLE STATEMENT
Title Investigations on Ergonomics and safety measures of Agricultural implements used by workers of Mgnrega
260 ## - PUBLICATION, DISTRIBUTION, ETC. (IMPRINT)
Place of publication Tavanur
Name of publisher Department of farm machinery and power engineering
Year of publication 2021
300 ## - PHYSICAL DESCRIPTION
Number of Pages 79 p
700 ## - ADDED ENTRY--PERSONAL NAME
Personal name Sindhu Bhaskar (Guide)
942 ## - ADDED ENTRY ELEMENTS (KOHA)
Koha item type Project Report
Holdings
Collection code Home library Current library Shelving location Full call number Accession Number Koha item type
Reference KAUAET KAUAET Reference 627.52 DRI/INV P 507 Project Report
free website counter